<?xml version='1.0' encoding='UTF-8'?>
  <record xmlns="http://www.loc.gov/MARC21/slim">
    <leader>00000cam a22000007i 4500</leader>
    <controlfield tag="001">ocm69247270</controlfield>
    <controlfield tag="003">OCoLC</controlfield>
    <controlfield tag="005">20241005004553.6</controlfield>
    <controlfield tag="008">940524s1646    ne            000 0 dut d</controlfield>
    <datafield tag="040" ind1=" " ind2=" ">
      <subfield code="a">NLGGC</subfield>
      <subfield code="b">dut</subfield>
      <subfield code="e">fobidrtb</subfield>
      <subfield code="c">NLGGC</subfield>
      <subfield code="d">OCLCO</subfield>
      <subfield code="d">OCLCL</subfield>
      <subfield code="d">OCLCQ</subfield>
    </datafield>
    <datafield tag="029" ind1="0" ind2=" ">
      <subfield code="a">NLGGC</subfield>
      <subfield code="b">11925316X</subfield>
    </datafield>
    <datafield tag="035" ind1=" " ind2=" ">
      <subfield code="a">(OCoLC)69247270</subfield>
    </datafield>
    <datafield tag="045" ind1="0" ind2=" ">
      <subfield code="b">d1643</subfield>
    </datafield>
    <datafield tag="100" ind1="1" ind2=" ">
      <subfield code="a">Brouwer, Hendrick,</subfield>
      <subfield code="d">1581/82-1643.</subfield>
      <subfield code="1">https://id.oclc.org/worldcat/entity/E39PBJcR8qpvyfkTJXdJFWQcyd</subfield>
    </datafield>
    <datafield tag="245" ind1="1" ind2="0">
      <subfield code="a">Journael Ende Historis Verhael van de Reyse gedaen by Oosten de Straet le Maire, naer de Custen van Chili, onder het beleyt van den heer Generael Hendrick Brouwer, Inden Jare 1643 ... Alsmede Een beschryvinghe van het Eylandt Eso ... soo alst eerst in 't selvige jaer door het Schip Castricum bezeylt is ... /</subfield>
      <subfield code="c">[Hendrick Brouwer] ; [Maarten Gerritsz Vries].</subfield>
    </datafield>
    <datafield tag="250" ind1=" " ind2=" ">
      <subfield code="a">eerste dr.</subfield>
    </datafield>
    <datafield tag="260" ind1=" " ind2=" ">
      <subfield code="a">Amsterdam :</subfield>
      <subfield code="b">Gedruckt by Broer Jansz,</subfield>
      <subfield code="c">1646.</subfield>
    </datafield>
    <datafield tag="300" ind1=" " ind2=" ">
      <subfield code="a">104 p. :</subfield>
      <subfield code="b">1 uitsl.plt., 2 uitsl. krtn. ;</subfield>
      <subfield code="c">in-4.</subfield>
    </datafield>
    <datafield tag="336" ind1=" " ind2=" ">
      <subfield code="a">tekst</subfield>
      <subfield code="b">txt</subfield>
      <subfield code="2">rdacontent/dut</subfield>
    </datafield>
    <datafield tag="337" ind1=" " ind2=" ">
      <subfield code="a">zonder medium</subfield>
      <subfield code="b">n</subfield>
      <subfield code="2">rdamedia/dut</subfield>
    </datafield>
    <datafield tag="338" ind1=" " ind2=" ">
      <subfield code="a">band</subfield>
      <subfield code="b">nc</subfield>
      <subfield code="2">rdacarrier/dut</subfield>
    </datafield>
    <datafield tag="500" ind1=" " ind2=" ">
      <subfield code="a">A-N4.</subfield>
    </datafield>
    <datafield tag="500" ind1=" " ind2=" ">
      <subfield code="a">Deels vertaald in het Duits (1649) en in het Engels (Churchill, 1744).</subfield>
    </datafield>
    <datafield tag="500" ind1=" " ind2=" ">
      <subfield code="a">Op voor- en achterdekblad Japanse prent van het VOC-schip Muyderpoort; zie : A collection of Nagasaki colour prints and paintings / N.H.N. Mody. - Pl. 57, 58 alsmede : Pictorial record of Kobe City Museum of Nanban Art. - Vol. 3, pl. 7.</subfield>
    </datafield>
    <datafield tag="504" ind1=" " ind2=" ">
      <subfield code="a">Op titelbl. een Japans stempel.</subfield>
    </datafield>
    <datafield tag="510" ind1="0" ind2=" ">
      <subfield code="a">Sabin II, 8427</subfield>
    </datafield>
    <datafield tag="510" ind1="0" ind2=" ">
      <subfield code="a">Tiele (Mem.), 204</subfield>
    </datafield>
    <datafield tag="510" ind1="0" ind2=" ">
      <subfield code="a">Tiele (Bibl.), 198</subfield>
    </datafield>
    <datafield tag="510" ind1="0" ind2=" ">
      <subfield code="a">Landwehr, 372</subfield>
    </datafield>
    <datafield tag="510" ind1="0" ind2=" ">
      <subfield code="a">NHSM I, 116</subfield>
    </datafield>
    <datafield tag="700" ind1="1" ind2=" ">
      <subfield code="a">Fries, Marten Gerritsz.,</subfield>
      <subfield code="d">1589-1647.</subfield>
      <subfield code="1">https://id.oclc.org/worldcat/entity/E39PBJppFjxhGW7fPdxtF4gVG3</subfield>
    </datafield>
    <datafield tag="710" ind1="0" ind2=" ">
      <subfield code="a">Jansz, Broer (Amsterdam)</subfield>
      <subfield code="4">prt</subfield>
      <subfield code="0">(NL-LeOCL)077162218</subfield>
    </datafield>
    <datafield tag="758" ind1=" " ind2=" ">
      <subfield code="a">Journael Ende Historis verhael van de Reyse gedaen by Oosten de Straet le Maire, naer de Custen van Chili (Text)</subfield>
      <subfield code="1">https://id.oclc.org/worldcat/entity/E39PCFyPfwGgvmgqf7Dm7BQyVC</subfield>
      <subfield code="4">https://id.oclc.org/worldcat/ontology/hasWork</subfield>
    </datafield>
    <datafield tag="936" ind1=" " ind2=" ">
      <subfield code="a">BATCHLOAD</subfield>
    </datafield>
  </record>